[Event "HUN-chT2 Charousek 0607"]
[Site "Hungary"]
[Date "2007.03.04"]
[Round "6"]
[White "Jovanovic, Zoran"]
[Black "Balint, Andras"]
[Result "1/2-1/2"]
[WhiteElo "2539"]
[BlackElo "2317"]
[PlyCount "53"]
[EventDate "2006.11.12"]
[EventType "team"]
[EventRounds "11"]
[EventCountry "HUN"]
[SourceTitle "EXT 2008"]
[Source "ChessBase"]
[SourceDate "2007.11.25"]
[SourceVersion "1"]
[SourceVersionDate "2007.11.25"]
[SourceQuality "1"]
[WhiteTeam "Szenna Pack"]
[BlackTeam "Tapolca"]
[WhiteTeamCountry "HUN"]
[BlackTeamCountry "HUN"]

1. e4 c5 2. Nf3 a6 3. c4 e6 4. Nc3 Qc7 5. Be2 Be7 6. d4 cxd4 7. Nxd4 Nf6 8. Be3 d6 9. 0-0 b6 10. a4 0-0 11. Qd2 Bb7 12. f3 Nc6 13. Rfc1 Nxd4 14. Bxd4 Nd7 15. Bf1 Nc5 16. Ra3 a5 17. Nb5 Qc6 18. Rd1 Rad8 19. Qc3 e5 20. Bf2 f5 21. exf5 Rxf5 22. Qe1 Rf7 23. Nc3 Rdf8 24. Nd5 Bd8 25. b4 axb4 26. Nxb4 Qc8 27. Be3 1/2-1/2

[Event "Haarlem BDO-A"]
[Site "Haarlem"]
[Date "2005.08.28"]
[Round "2"]
[White "Balint, Andras"]
[Black "Jonkman, Harmen"]
[Result "0-1"]
[WhiteElo "2293"]
[BlackElo "2454"]
[PlyCount "82"]
[EventDate "2005.08.27"]
[EventType "tourn"]
[EventRounds "9"]
[EventCountry "NED"]
[EventCategory "4"]
[SourceTitle "CBM 108 Extra"]
[Source "ChessBase"]
[SourceDate "2005.11.04"]
[SourceVersion "1"]
[SourceVersionDate "2005.11.04"]
[SourceQuality "1"]

1. e4 e5 2. Nf3 Nc6 3. Nc3 Nf6 4. Bb5 Nd4 5. Bc4 Bc5 6. Nxe5 Qe7 7. Nd3 d5 8. Nxd5 Qxe4+ 9. Ne3 Bd6 10. c3 Nf5 11. Qf3 Qxf3 12. gxf3 Nh4 13. Ke2 0-0 14. Ne1 c5 15. N1g2 Nxg2 16. Nxg2 Bh3 17. Ne3 Nh5 18. Kd1 Nf4 19. Bf1 Bd7 20. d4 cxd4 21. Nc4 Bc7 22. cxd4 Bc6 23. Be2 Rad8 24. Be3 Rfe8 25. Rc1 f5 26. Bxf4 Bxf4 27. Ne3 Rxd4+ 28. Kc2 Bxe3 29. fxe3 Rxe3 30. Rhe1 Kf8 31. Rcd1 Rxd1 32. Kxd1 Bxf3 33. Bxf3 Rxf3 34. Re2 Rd3+ 35. Ke1 Kf7 36. Rc2 Rd7 37. Kf2 g5 38. Kf3 Kf6 39. Kg3 h6 40. Kf3 g4+ 41. Kf4 Rd3 0-1

[Event "Haarlem BDO-A"]
[Site "Haarlem"]
[Date "2005.08.27"]
[Round "1"]
[White "Michielsen, Joost"]
[Black "Balint, Andras"]
[Result "1-0"]
[WhiteElo "2320"]
[BlackElo "2293"]
[PlyCount "153"]
[EventDate "2005.08.27"]
[EventType "tourn"]
[EventRounds "9"]
[EventCountry "NED"]
[EventCategory "4"]
[SourceTitle "CBM 108 Extra"]
[Source "ChessBase"]
[SourceDate "2005.11.04"]
[SourceVersion "1"]
[SourceVersionDate "2005.11.04"]
[SourceQuality "1"]

1. e4 c5 2. Nf3 a6 3. c4 e6 4. Nc3 Qc7 5. d4 cxd4 6. Nxd4 Nf6 7. a3 Nxe4 8. Nxe4 Qe5 9. Bd3 Qxd4 10. 0-0 f5 11. Be3 Qe5 12. f4 Qc7 13. Nc3 Bc5 14. Qh5+ g6 15. Qe2 0-0 16. Na4 Bxe3+ 17. Qxe3 b5 18. Nb6 Ra7 19. cxb5 axb5 20. Rac1 Nc6 21. Bxb5 Rb7 22. Nxc8 Rxb5 23. Ne7+ Kf7 24. Nxc6 dxc6 25. b4 Qb6 26. Rfe1 Re8 27. Rc4 Re7 28. Kf2 Ke8 29. Rec1 Qxe3+ 30. Kxe3 e5 31. Rxc6 exf4+ 32. Kxf4 Re4+ 33. Kf3 Rd5 34. R6c3 Kf7 35. Re3 Rh4 36. h3 g5 37. Rb3 Rd2 38. b5 Rf4+ 39. Kg3 Rff2 40. Rg1 h5 41. b6 f4+ 42. Kh2 Rb2 43. Rxb2 Rxb2 44. h4 Kg6 45. hxg5 Kxg5 46. a4 Rxb6 47. a5 Ra6 48. Ra1 Kg4 49. Ra4 h4 50. Ra3 Kf5 51. Kg1 Ke5 52. Kf2 Kd6 53. Ra4 Kc5 54. Kf3 h3 55. gxh3 Rh6 56. Kg4 Rg6+ 57. Kxf4 Kb5 58. Ra1 Ka6 59. h4 Rc6 60. Re1 Kxa5 61. h5 Kb6 62. Kg5 Rc5+ 63. Kg6 Rc6+ 64. Kg7 Rc7+ 65. Kf6 Rc2 66. Re5 Rh2 67. Kg6 Kc6 68. h6 Kd6 69. Rh5 Rg2+ 70. Kf7 Rf2+ 71. Ke8 Re2+ 72. Kf7 Rf2+ 73. Kg6 Rg2+ 74. Rg5 Rh2 75. h7 Ke7 76. Rh5 Rg2+ 77. Kh6 1-0

[Event "HUN-chT2 Charousek 0304"]
[Site "Hungary"]
[Date "2004.02.08"]
[Round "7"]
[White "Balint, Andras"]
[Black "Dudas, Janos"]
[Result "1-0"]
[WhiteElo "2298"]
[BlackElo "2355"]
[PlyCount "51"]
[EventDate "2003.09.28"]
[EventType "team"]
[EventRounds "11"]
[EventCountry "HUN"]
[SourceTitle "EXT 2005"]
[Source "ChessBase"]
[SourceDate "2004.11.15"]
[SourceVersion "1"]
[SourceVersionDate "2004.11.15"]
[SourceQuality "1"]

1. d4 d6 2. e4 Nf6 3. Nc3 e5 4. Nf3 Nbd7 5. Bc4 Be7 6. 0-0 0-0 7. a4 c6 8. Bb3 b6 9. Qe2 a6 10. Rd1 Qc7 11. Bg5 h6 12. Bh4 g6 13. h3 Bb7 14. Rd2 Rae8 15. dxe5 dxe5 16. Rad1 Bb4 17. Nh2 g5 18. Rxd7 Nxd7 19. Qh5 gxh4 20. Qg6+ Kh8 21. Qxh6+ Kg8 22. Qg5+ Kh8 23. Qxh4+ Kg7 24. Qg5+ Kh8 25. Qh6+ Kg8 26. Rd3 1-0

[Event "HUN-chT2 Charousek 0304"]
[Site "Hungary"]
[Date "2003.11.16"]
[Round "3"]
[White "Horvath, Tamas2222"]
[Black "Balint, Andras"]
[Result "1-0"]
[WhiteElo "2307"]
[BlackElo "2298"]
[PlyCount "43"]
[EventDate "2003.09.28"]
[EventType "team"]
[EventRounds "11"]
[EventCountry "HUN"]
[SourceTitle "EXT 2005"]
[Source "ChessBase"]
[SourceDate "2004.11.15"]
[SourceVersion "1"]
[SourceVersionDate "2004.11.15"]
[SourceQuality "1"]

1. e4 c5 2. Nf3 a6 3. c3 d5 4. exd5 Qxd5 5. d4 Nf6 6. Be2 cxd4 7. cxd4 e6 8. Nc3 Qd6 9. Ne5 b5 10. Bf3 Nd5 11. Nxd5 exd5 12. 0-0 Be7 13. Bf4 Qd8 14. a4 b4 15. Qb3 Be6 16. Rac1 0-0 17. Nd3 a5 18. Bc7 Qd7 19. Ne5 Qe8 20. Bxd5 Nd7 21. Bxe6 Nxe5 22. Bd5 1-0

[Event "HUN-chT2 Charousek 0203"]
[Site "Hungary"]
[Date "2002.12.08"]
[Round "4.5"]
[White "Balint, Andras"]
[Black "Boronyak, Arpad"]
[Result "1/2-1/2"]
[WhiteElo "2249"]
[BlackElo "2250"]
[PlyCount "21"]
[EventDate "2002.09.22"]
[EventType "team"]
[EventRounds "11"]
[EventCountry "HUN"]
[SourceTitle "EXT 2004"]
[Source "ChessBase"]
[SourceDate "2003.11.25"]
[SourceVersion "1"]
[SourceVersionDate "2003.11.25"]
[SourceQuality "1"]
[WhiteTeam "Tapolca Rockwool"]
[BlackTeam "Csuti Hydro II"]
[WhiteTeamCountry "HUN"]
[BlackTeamCountry "HUN"]

1. e4 c5 2. Nf3 e6 3. c4 Nc6 4. Nc3 d6 5. d4 cxd4 6. Nxd4 Nf6 7. Be3 Be7 8. Be2 0-0 9. 0-0 Bd7 10. Rc1 Nxd4 11. Qxd4 1/2-1/2

[Event "HUN-chT2 Charousek 0203"]
[Site "Hungary"]
[Date "2002.10.13"]
[Round "2.5"]
[White "Balint, Andras"]
[Black "Csernyiczky, Laszlo"]
[Result "1-0"]
[WhiteElo "2249"]
[BlackElo "2188"]
[PlyCount "89"]
[EventDate "2002.09.22"]
[EventType "team"]
[EventRounds "11"]
[EventCountry "HUN"]
[SourceTitle "EXT 2004"]
[Source "ChessBase"]
[SourceDate "2003.11.25"]
[SourceVersion "1"]
[SourceVersionDate "2003.11.25"]
[SourceQuality "1"]
[WhiteTeam "Tapolca Rockwool"]
[BlackTeam "Kiraly Sakk"]
[WhiteTeamCountry "HUN"]
[BlackTeamCountry "HUN"]

1. e4 c5 2. Nf3 Nc6 3. Bb5 e6 4. 0-0 Qc7 5. Re1 Be7 6. Nc3 d6 7. e5 Bd7 8. exd6 Bxd6 9. Ne4 Be7 10. b3 Nf6 11. Bb2 0-0-0 12. Neg5 Rdf8 13. Qe2 h6 14. Bxc6 hxg5 15. Bxd7+ Nxd7 16. Bxg7 g4 17. Ne5 Rh5 18. f4 gxf3 19. Nxf3 Rg8 20. Ne5 Rg5 21. Nxd7 R8xg7 22. Ne5 Bf6 23. d4 cxd4 24. Nd3 Rxg2+ 25. Qxg2 Rxg2+ 26. Kxg2 Qxc2+ 27. Nf2 Kd7 28. Kf1 Qf5 29. Re4 Qh5 30. h3 Ke7 31. Rd1 Be5 32. Rd3 Bc7 33. Rexd4 Qb5 34. a4 Qe8 35. h4 Bb6 36. Rc4 Qh8 37. Rd2 Qa1+ 38. Kg2 Qb1 39. b4 Qg6+ 40. Rg4 Qf5 41. Rc4 Bxf2 42. Rc7+ Ke8 43. Rc8+ Ke7 44. Rc7+ Kf8 45. Rxf7+ 1-0

[Event "HUN-chT2 Charousek 0203"]
[Site "Hungary"]
[Date "2002.09.22"]
[Round "1.5"]
[White "Vertetics, Attila"]
[Black "Balint, Andras"]
[Result "1/2-1/2"]
[WhiteElo "2120"]
[BlackElo "2249"]
[PlyCount "41"]
[EventDate "2002.09.22"]
[EventType "team"]
[EventRounds "11"]
[EventCountry "HUN"]
[SourceTitle "EXT 2004"]
[Source "ChessBase"]
[SourceDate "2003.11.25"]
[SourceVersion "1"]
[SourceVersionDate "2003.11.25"]
[SourceQuality "1"]
[WhiteTeam "Gyor Elektromos"]
[BlackTeam "Tapolca Rockwool"]
[WhiteTeamCountry "HUN"]
[BlackTeamCountry "HUN"]

1. d4 Nf6 2. Nf3 c5 3. g3 e6 4. Bg2 Nc6 5. 0-0 d5 6. c4 Be7 7. cxd5 Nxd5 8. dxc5 Bxc5 9. a3 0-0 10. b4 Be7 11. Bb2 Bf6 12. Qb3 Nb6 13. Rd1 Qe7 14. Bxf6 Qxf6 15. Nc3 e5 16. Ne4 Qe7 17. Nc5 a6 18. Rac1 Nd7 19. Ne4 Nf6 20. Nc5 Nd7 21. Ne4 1/2-1/2

[Event "Szombathely Savaria op 2nd"]
[Site "Szombathely"]
[Date "2002.07.31"]
[Round "8"]
[White "Balint, Andras"]
[Black "Jovanovic, Zoran"]
[Result "0-1"]
[WhiteElo "2249"]
[BlackElo "2389"]
[PlyCount "114"]
[EventDate "2002.07.26"]
[EventType "swiss"]
[EventRounds "9"]
[EventCountry "HUN"]
[SourceTitle "CBM 089 Extra"]
[Source "ChessBase"]
[SourceDate "2002.09.10"]
[SourceVersion "2"]
[SourceVersionDate "2002.09.10"]
[SourceQuality "1"]

1. e4 c5 2. Nf3 d6 3. Bb5+ Nd7 4. 0-0 Ngf6 5. Re1 a6 6. Bxd7+ Bxd7 7. e5 dxe5 8. Nxe5 e6 9. d4 Bc6 10. Nxc6 bxc6 11. Be3 cxd4 12. Bxd4 Be7 13. c4 0-0 14. Nc3 Qb8 15. Qf3 Qxb2 16. Qxc6 Rfc8 17. Nd5 Rxc6 18. Nxe7+ Kf8 19. Bxb2 Kxe7 20. Ba3+ Ke8 21. c5 Nd5 22. Rec1 Rb8 23. Kf1 Kd7 24. Ke1 Rb5 25. Rab1 Rc8 26. Kd2 Rcb8 27. Rxb5 Rxb5 28. Kc2 Kc6 29. Rd1 e5 30. Rd3 Rb7 31. g3 f6 32. Rd1 h5 33. Kd3 Rd7 34. Rb1 Nc7+ 35. Ke4 Nb5 36. Bb4 g6 37. a4 Rd4+ 38. Ke3 Nc7 39. Ba5 Nd5+ 40. Kf3 Rxa4 41. Bd8 e4+ 42. Kg2 f5 43. Bg5 Kxc5 44. Rb8 Rb4 45. Rc8+ Kd4 46. Rc6 a5 47. Rxg6 a4 48. Bh6 a3 49. Bg7+ Kc4 50. Rc6+ Kb3 51. Rc5 Rb7 52. Bh8 Rh7 53. Bd4 Rd7 54. Bh8 Rd8 55. Bg7 f4 56. Ra5 f3+ 57. Kg1 Nb4 0-1

[Event "Szombathely Savaria op 2nd"]
[Site "Szombathely"]
[Date "2002.07.29"]
[Round "5"]
[White "Balint, Andras"]
[Black "Kovacs, Gabor H"]
[Result "1/2-1/2"]
[WhiteElo "2249"]
[BlackElo "2385"]
[PlyCount "129"]
[EventDate "2002.07.26"]
[EventType "swiss"]
[EventRounds "9"]
[EventCountry "HUN"]
[SourceTitle "CBM 089 Extra"]
[Source "ChessBase"]
[SourceDate "2002.09.10"]
[SourceVersion "2"]
[SourceVersionDate "2002.09.10"]
[SourceQuality "1"]

1. d4 Nf6 2. Nf3 e6 3. Bg5 h6 4. Bh4 b6 5. Nbd2 Bb7 6. e3 c5 7. c3 Be7 8. Bd3 cxd4 9. cxd4 Nc6 10. a3 Nd5 11. Bg3 Nf6 12. h3 d5 13. Rc1 a6 14. 0-0 0-0 15. Qe2 Qd7 16. Rc2 Rfc8 17. Rfc1 Qd8 18. Ne5 Nxe5 19. Bxe5 Rxc2 20. Rxc2 Rc8 21. Qd1 Ne8 22. Kf1 Nd6 23. Ke2 Bf8 24. Qc1 Rxc2 25. Qxc2 Nc4 26. Nxc4 dxc4 27. Qxc4 Bxg2 28. Qxa6 Bxh3 29. Qb7 h5 30. Qb8 Qd5 31. e4 Qc6 32. Qc7 Qa4 33. Qc2 Qa8 34. f3 f6 35. Bc7 Qb7 36. Bb5 Bc5 37. Be5 Bxa3 38. bxa3 fxe5 39. dxe5 Qe7 40. Qc1 Qh4 41. Qg1 Qf4 42. Qxb6 Qxe5 43. Bd3 Qh2+ 44. Qf2 Qd6 45. Qh4 Bf1+ 46. Kxf1 Qxd3+ 47. Kg2 Qe2+ 48. Qf2 Qc4 49. Qh4 Qe2+ 50. Qf2 Qb5 51. Qc2 Kh7 52. f4 Kh6 53. a4 Qb4 54. f5 exf5 55. exf5 Kg5 56. Kh1 Qe1+ 57. Kh2 Qe5+ 58. Kh1 h4 59. Kg1 Kg4 60. Kh1 h3 61. Kg1 Qg3+ 62. Kh1 Kg5 63. Qe4 Qc7 64. Qe3+ Kxf5 65. Qxh3+ 1/2-1/2

[Event "HUN-chT2 0102"]
[Site "Hungary"]
[Date "2002.04.21"]
[Round "11"]
[White "Balint, Andras"]
[Black "Fordan, Tibor"]
[Result "1-0"]
[WhiteElo "2190"]
[BlackElo "2251"]
[PlyCount "135"]
[EventDate "2001.??.??"]
[EventType "team"]
[EventRounds "11"]
[EventCountry "HUN"]
[SourceTitle "EXT 2004"]
[Source "ChessBase"]
[SourceDate "2003.11.25"]
[SourceVersion "1"]
[SourceVersionDate "2003.11.25"]
[SourceQuality "1"]

1. d4 d5 2. Bg5 Nf6 3. Nd2 e6 4. e3 Be7 5. Ngf3 0-0 6. Bd3 c5 7. c3 Nbd7 8. Ne5 Nxe5 9. dxe5 Nd7 10. Bf4 f5 11. h4 b5 12. g4 Bb7 13. Rg1 Qc7 14. Nf3 d4 15. cxd4 Qc6 16. gxf5 exf5 17. Rg3 c4 18. Bc2 Nb6 19. Qe2 Nd5 20. Rd1 Rad8 21. h5 b4 22. Bg5 Ba6 23. Bxe7 Nxe7 24. Ng5 c3 25. Qf3 Qb6 26. Bb3+ Kh8 27. Ne6 Qb5 28. Rg1 cxb2 29. Nc7 Qb6 30. Nxa6 Qxa6 31. Qe2 Qc6 32. Qxb2 f4 33. Qc2 Qf3 34. Qe2 Qc6 35. e4 Qc3+ 36. Qd2 Qh3 37. d5 Qxh5 38. e6 Qh2 39. Rf1 Qg2 40. Qe2 Ng6 41. f3 Qg5 42. d6 Rc8 43. e7 Nxe7 44. dxe7 Qxe7 45. Rh1 h6 46. Kf1 Rc3 47. Rh3 Rfc8 48. Qd2 Re3 49. Qd5 Qf6 50. Qd4 Qxd4 51. Rxd4 Rc1+ 52. Kf2 Rb1 53. Rd2 Ree1 54. Be6 Rf1+ 55. Ke2 Rbe1+ 56. Kd3 Re3+ 57. Kd4 Rfxf3 58. Rxf3 Rxf3 59. Ke5 Rc3 60. Kxf4 Rc7 61. Kf5 Kh7 62. Rd8 g6+ 63. Kf6 h5 64. e5 Rc6 65. Rd6 Rc3 66. Bd5 h4 67. e6 Re3 68. e7 1-0

[Event "HUN-chT2 0102"]
[Site "Hungary"]
[Date "2002.03.03"]
[Round "8"]
[White "Veress, Robert"]
[Black "Balint, Andras"]
[Result "1/2-1/2"]
[WhiteElo "2225"]
[BlackElo "2190"]
[PlyCount "27"]
[EventDate "2001.??.??"]
[EventType "team"]
[EventRounds "11"]
[EventCountry "HUN"]
[SourceTitle "EXT 2004"]
[Source "ChessBase"]
[SourceDate "2003.11.25"]
[SourceVersion "1"]
[SourceVersionDate "2003.11.25"]
[SourceQuality "1"]

1. e4 c5 2. Nf3 a6 3. c3 d5 4. exd5 Qxd5 5. d4 Nf6 6. Be2 cxd4 7. cxd4 e6 8. Nc3 Qd6 9. 0-0 Nc6 10. a3 Be7 11. Bg5 0-0 12. Qd2 Rd8 13. Rfd1 b5 14. Bf4 1/2-1/2

[Event "HUN-chT2 0102"]
[Site "Hungary"]
[Date "2001.11.18"]
[Round "3"]
[White "Balint, Andras"]
[Black "Pirisi, Gabor"]
[Result "1-0"]
[WhiteElo "2190"]
[BlackElo "2288"]
[PlyCount "131"]
[EventDate "2001.??.??"]
[EventType "team"]
[EventRounds "11"]
[EventCountry "HUN"]
[SourceTitle "EXT 2004"]
[Source "ChessBase"]
[SourceDate "2003.11.25"]
[SourceVersion "1"]
[SourceVersionDate "2003.11.25"]
[SourceQuality "1"]

1. e4 c5 2. Nf3 d6 3. Bb5+ Nc6 4. Bxc6+ bxc6 5. h3 g6 6. Nc3 Bg7 7. 0-0 e5 8. d3 Ne7 9. Ne1 Rb8 10. Na4 0-0 11. f4 exf4 12. Bxf4 f5 13. c4 fxe4 14. Qe2 Rb4 15. Nc3 exd3 16. Nxd3 Rxc4 17. Bg5 Re8 18. Rae1 Bf8 19. Nf4 Rxf4 20. Rxf4 d5 21. Qe5 Bf5 22. Rxf5 gxf5 23. Qe6+ Kh8 24. Qf7 Bg7 25. Rxe7 Rxe7 26. Qxe7 Qxe7 27. Bxe7 c4 28. Kf1 Kg8 29. Bc5 a6 30. Ke2 d4 31. Na4 Kf7 32. Nb6 Ke6 33. b3 d3+ 34. Kd2 Bh6+ 35. Be3 f4 36. Nxc4 fxe3+ 37. Nxe3 Kd6 38. Kxd3 Kc5 39. h4 Kb4 40. Nc2+ Kc5 41. Ke4 a5 42. a4 Bf8 43. g4 Bg7 44. g5 Bc3 45. h5 Bb2 46. Ne1 Bg7 47. Nd3+ Kd6 48. Kf5 c5 49. h6 Bd4 50. Nf4 Be3 51. Ne6 Kd5 52. Kf6 c4 53. bxc4+ Kxc4 54. g6 Bxh6 55. gxh7 Bc1 56. Ng7 Bb2+ 57. Kg6 Kb3 58. h8Q Kxa4 59. Qb8 Ka3 60. Nf5 a4 61. Ne3 Ka2 62. Nc4 a3 63. Nd2 Ka1 64. Qb3 a2 65. Qc2 Ba3 66. Nb3# 1-0

[Event "HUN-chT2 0102"]
[Site "Hungary"]
[Date "2001.10.14"]
[Round "2"]
[White "Fabri, Ferenc"]
[Black "Balint, Andras"]
[Result "1/2-1/2"]
[WhiteElo "2265"]
[BlackElo "2190"]
[PlyCount "70"]
[EventDate "2001.??.??"]
[EventType "team"]
[EventRounds "11"]
[EventCountry "HUN"]
[SourceTitle "EXT 2004"]
[Source "ChessBase"]
[SourceDate "2003.11.25"]
[SourceVersion "1"]
[SourceVersionDate "2003.11.25"]
[SourceQuality "1"]

1. e4 c5 2. Nf3 a6 3. d4 cxd4 4. c3 d5 5. exd5 Qxd5 6. Qxd4 Qxd4 7. Nxd4 e5 8. Nf3 Nc6 9. Bc4 Bg4 10. Bd5 f6 11. h3 Bh5 12. g4 Bf7 13. Bxf7+ Kxf7 14. Be3 Nge7 15. Nbd2 Nd5 16. Ke2 g6 17. c4 Nxe3 18. fxe3 Be7 19. a3 f5 20. gxf5 gxf5 21. e4 f4 22. b4 Ke6 23. Nb3 Rhg8 24. Rhg1 Rad8 25. Rxg8 Rxg8 26. Rg1 Rxg1 27. Nxg1 b6 28. Kd3 a5 29. bxa5 Nxa5 30. Nxa5 bxa5 31. a4 Kf6 32. Nf3 Bc5 33. Ke2 h5 34. Nd2 Ke6 35. Nb3 Bb4 1/2-1/2